000 00493ntaaa2200181 4500
003 01
005 20251027202412.0
008 0714s1973 ag 01
040 _aAR-BaBN
_bspa
_cAR-BaBN
_eaacr
_dRIC
082 _a286.1000 B84p
100 _aBryant, Cyril E
_922781
245 _aPresentamos al pueblo bautista en el mundo de hoy
250 _a1 ed.
260 _aEl Paso :
_bCasa Bautista de publicaciones,
_c1976
300 _as.p.
650 _aalianza mundial bautista
_91539
942 _cBK
999 _c18936
_d18936